000 00559nam a2200181Ia 4500
008 100920s9999 xx 000 0 und d
082 _b69186
_a--- थ 92
100 _aवैदय सुरेश.
245 _aआम्रपाली.
260 _bशब्दसन्मान प्रकाशन, पुणे.
_c1992
300 _a240
_bसाधी
365 _b110
520 _aकादंबरी.
630 _aआम्रपाली.
650 _aकादंबरी.
730 _aआम्रपाली.
942 _cBOOK
999 _c711400
_d711397